Statistics for Losing Presidential Candidates

Click here to take the quiz!

General Stats

  • This quiz has been taken 30,167 times
    (19,747 since last reset)
  • The average score is 23 of 57

Answer Stats

Year Candidate % Correct
2016Hillary Clinton
99%
1812DeWitt Clinton
95%
2000Al Gore
86%
1992George H.W. Bush
85%
2012Mitt Romney
84%
2008John McCain
83%
1960Richard Nixon
79%
1980Jimmy Carter
72%
1828John Quincy Adams
68%
1976Gerald Ford
68%
1800John Adams
68%
1912Theodore Roosevelt
68%
2004John Kerry
68%
1796Thomas Jefferson
61%
1932Herbert Hoover
56%
1824Andrew Jackson
56%
1996Bob Dole
53%
1992Ross Perot
52%
1912William Taft
51%
1888Grover Cleveland
50%
1988Michael Dukakis
50%
1984Walter Mondale
49%
1944, 1948Thomas Dewey
46%
1836William Henry Harrison
43%
1892Benjamin Harrison
43%
1964Barry Goldwater
40%
1840, 1848Martin Van Buren
39%
1968Hubert Humphrey
38%
1928Al Smith
37%
1972George McGovern
37%
1952, 1956Adlai Stevenson
35%
1968George Wallace
34%
1856Millard Fillmore
32%
1860Stephen Douglas
29%
1896, 1900, 1908William Jennings Bryan
28%
1824, 1832, 1844Henry Clay
26%
1940Wendell Willkie
20%
1864George McClellan
20%
1936Alf Landon
20%
1924John Davis
18%
1876Samuel Tilden
18%
1860John Breckinridge
18%
1856John Fremont
16%
1816Rufus King
15%
1860John Bell
15%
1872Horace Greeley
15%
1852Winfield Scott
15%
1920James Cox
15%
1916Charles Evans Hughes
15%
1924Robert La Follette, Sr.
14%
1804, 1808Charles Pinckney
14%
1880Winfield Hancock
14%
1904Alton B. Parker
14%
1884James Blaine
14%
1848Lewis Cass
13%
1868Horatio Seymour
12%
1824William Crawford
12%

Score Distribution

Percentile by Number Answered

Percent of People with Each Score

Your Score History

You have not taken this quiz since the last reset